| 000 | 01136nam a2200361 4500 | ||
|---|---|---|---|
| 001 | 32671 | ||
| 003 | BD-RjUL | ||
| 005 | 20211209051858.0 | ||
| 008 | 140427r19681926enk b 00100 eng | ||
| 035 | _a(BD-RjUL)32761 | ||
| 040 |
_aDLC _cDLC _dBZM _dBD-RjUL _beng |
||
| 041 | _aeng | ||
| 082 |
_a297 _bBEO 1968 |
||
| 100 | 1 |
_aBell, Richard, _db. 1876. _999373 |
|
| 245 | 1 | 4 |
_aThe origin of Islam in its Christian environment : _bthe Gunning lectures, Edinburgh University 1925 / _cRichard Bell |
| 250 | _a1st ed., new impression. | ||
| 260 |
_aLondon : _bCass, _c1968. |
||
| 300 |
_avii, 224 p. ; _c23 cm. |
||
| 350 | _a55/- | ||
| 490 | 1 |
_aIslam and the Muslim world, _vno. 10. |
|
| 490 | 1 |
_aThe Gunning lectures, _v1925. |
|
| 504 | _aIncludes index. | ||
| 650 | 0 |
_aChristianity and other religions _xIslam. _95518 |
|
| 650 | 0 |
_aIslam _xOrigin. _999374 |
|
| 650 | 0 |
_aIslam _xRelations _xChristianity. _95519 |
|
| 830 | 0 |
_vno. 10. _999379 |
|
| 830 | 0 |
_v1925. _999380 |
|
| 830 | 0 |
_aIslam and the Muslim world, _999381 |
|
| 830 | 0 |
_aGunning lectures, _999382 |
|
| 942 |
_2ddc _cBK |
||
| 999 |
_c32671 _d32671 |
||